SME Competitiveness Outlook 2018 : Business Ecosystems for the Digital Age

Bibliographic Details
Corporate Author: International Trade Centre UNCTAD/WTO
Format: Book
Language:English
Published: Geneva, Switzerland: International Trade Centre, 2018.
Subjects:
LEADER 00801cam a2200229 7i4500
001 0000035957
005 20190415090000.0
007 ##ta
008 190415s2018 sz ar m i0 a0eng c
020 # # |a 9789291374557  
040 # # |a MATR 
090 0 0 |a I 338.7   |b SME 
245 0 0 |a SME Competitiveness Outlook 2018 :   |b Business Ecosystems for the Digital Age   |c International Trade Centre (ITC). 
264 # 1 |a Geneva, Switzerland:   |b International Trade Centre,   |c 2018. 
300 # # |a xxvi, 215 pages:   |b illustrations;   |c 30 cm. 
336 # # |a text  |2 rdacontent 
337 # # |a unmediated  |2 rdamedia 
338 # # |a volume  |2 rdacarrier 
650 # 0 |a Small business  
650 # 0 |a Business enterprises  
710 2 # |a International Trade Centre UNCTAD/WTO  
999 |a 0000040429  |b Book  |c International  |e Business Information Centre